UBT Library

Modern communication law / (Record no. 43130)

000 -LEADER
fixed length control field 00802pam a2200253 a 4500
001 - CONTROL NUMBER
control field 4033281
005 - DATE AND TIME OF LATEST TRANSACTION
control field 20180222035829.0
008 - FIXED-LENGTH DATA ELEMENTS--GENERAL INFORMATION
fixed length control field 980429s1999 mnu 001 0 eng
010 ## - LIBRARY OF CONGRESS CONTROL NUMBER
LC control number 98019010
020 ## - INTERNATIONAL STANDARD BOOK NUMBER
International Standard Book Number 0314230416 (alk. paper)
040 ## - CATALOGING SOURCE
Original cataloging agency DLC
Transcribing agency DLC
Modifying agency DLC
041 ## - LANGUAGE CODE
Language code of text/sound track or separate title eng
043 ## - GEOGRAPHIC AREA CODE
Geographic area code n-us---
080 ## - UNIVERSAL DECIMAL CLASSIFICATION NUMBER
Universal Decimal Classification number 343.73099 har
082 00 - DEWEY DECIMAL CLASSIFICATION NUMBER
Classification number 343.73099 har
Edition number 21
100 ## - Rafti
Rafti 14
101 ## - Shkurtesa
Shkurtesa jur
245 00 - TITLE STATEMENT
Title Modern communication law /
Statement of responsibility, etc by Harvey L. Zuckman ... [et al.] ; general editor, Harvey L. Zuckman.
246 14 - VARYING FORM OF TITLE
Title proper/short title Modern communications law
906 ## - LOCAL DATA ELEMENT F, LDF (RLIN)
a 7
b cbc
c orignew
d 1
e ocip
f 19
g y-gencatlg
942 ## - ADDED ENTRY ELEMENTS (KOHA)
Source of classification or shelving scheme
Item type Books
Holdings
Withdrawn status Lost status Source of classification or shelving scheme Damaged status Not for loan Collection code Permanent location Current location Shelving location Date acquired Total Checkouts Full call number Barcode Date last seen Price effective from Koha item type
          Koleksioni i përgjithshem UBT - Lipjan UBT - Lipjan Koleksioni i përgjithshem 02/22/2018   343.73099 har 002-2999884 02/22/2018 02/22/2018 Books
UBT Library © 2015-2024. All rights reserved University Education for Business and Technology